banner-ar

مدى حجية التوقيع الالكترونى فى الاثبات : (Record no. 8616)

MARC details
000 -الفاتح
حقل البيانات ثابتة الطول 00881nam a2200205Ia 4500
008 - عناصر البيانات ثابتة الطول - معلومات عامة
حقل البيانات ثابتة الطول 140319s9999 xx 000 0 ara d
040 ## - مصدر الفهرسة
وكالة الفهرسة الأصلية GCL /
وكالة النسخ GCL
082 04 - رقم تصنيف ديوى العشرى
رقم التصنيف 346.02
رقم المادة م م
100 1# - المدخل الرئيسى - إسم شخصى
الإسم الشخصى ممدوح محمد على مبروك
245 10 - بيان العنوان
العنوان مدى حجية التوقيع الالكترونى فى الاثبات :
بقية العنوان دراسة مقارنة بالفقه الاسلامى /
بيان المسئوليه,etc ممدوح محمد على مبروك
300 ## - الوصف المادى
التعداد 223 ص ؛
أبعاد الوعاء 24 سم
650 04 - المدخل الاضافى بالموضوع-مصطلح موضوعى
مصطلح موضوعي التوقيع الالكترونى
650 04 - المدخل الاضافى بالموضوع-مصطلح موضوعى
مصطلح موضوعي جرائم الانترنت
650 04 - المدخل الاضافى بالموضوع-مصطلح موضوعى
مصطلح موضوعي العقود الالكترونية - بطلان
650 04 - المدخل الاضافى بالموضوع-مصطلح موضوعى
مصطلح موضوعي التوقيع الالكترونى - قوانين وتشريعات
650 04 - المدخل الاضافى بالموضوع-مصطلح موضوعى
مصطلح موضوعي التوقيع الالكترونى ( الفقه الاسلامى )
942 ## - عناصر المدخل الإضافي( كوها)
مصدر التصنيف او مخطط الترفيف Dewey Decimal Classification
Koha [default] item type كتاب
260 ## - PUBLICATION, DISTRIBUTION, ETC. (IMPRINT)
-- القاهرة :
-- دار النهضة العربية
Holdings
حالة التراجع حالة الفقد حالة تلف ليس للاعارة المكان المؤقت الموقع الحالى تاريخ الاكتساب اجمالي اﻻعارات رقم الطلب الباركود تاريخ اخر مشاهدة تاريخ تفعيل السعر نوع وعاء كوها
        مكتبة القاهرة الكبرى مكتبة القاهرة الكبرى 03/26/2014   346.02\م م 18034 03/26/2014 03/26/2014 كتاب

Powered By

EGPV